Подробности
| 000 -МАРКЕР |
| контрольное поле |
03205nam0a2200385 4500 |
| 001 - ИДЕНТИФИКАТОР ЗАПИСИ |
| контрольное поле |
RU\NLR\BIBL_A\010514154 |
| 005 - ИДЕНТИФИКАТОР ВЕРСИИ |
| контрольное поле |
20260406205836.0 |
| 035 ## - ДРУГИЕ СИСТЕМНЫЕ НОМЕРА |
| Идентификатор записи |
(NLR Aleph) 010514154 |
| 100 ## - ДАННЫЕ ОБЩЕЙ ОБРАБОТКИ |
| Данные общей обработки |
20141028e20141882|||y0rusy50 ca |
| 101 0# - ЯЗЫК РЕСУРСА |
| Язык текста, звукозаписи и т.д. |
русский |
| -- |
латинский |
| 102 ## - СТРАНА ПУБЛИКАЦИИ ИЛИ ПРОИЗВОДСТВА |
| Страна публикации |
Российская Федерация |
| 105 ## - ПОЛЕ КОДИРОВАННЫХ ДАННЫХ: ТЕКСТОВЫЕ МАТЕРИАЛЫ, МОНОГРАФИЧЕСКИЕ |
| Кодированные данные о монографическом текстовом документе |
ach|z|||100yb |
| 200 1# - ЗАГЛАВИЕ И СВЕДЕНИЯ ОБ ОТВЕТСТВЕННОСТИ |
| Основное заглавие |
Альбомъ московской Пушкинской выставки 1880 года |
| Первые сведения об ответственности |
подъ ред. д.чл. Льва Поливанова |
| 205 ## - СВЕДЕНИЯ ОБ ИЗДАНИИ |
| Сведения об издании |
[Репр. изд.] |
| 210 ## - ПУБЛИКАЦИЯ, РАСПРОСТРАНЕНИЕ И ДР. |
| Место издания, распространения и т.д. |
[Б. м. |
| Имя издателя, распространителя и т. д. |
б. и. |
| Дата издания, распространения и т.д. |
201-?] |
| Место изготовления |
ООО "Астра-Полиграфия" Москва |
| 215 ## - ФИЗИЧЕСКАЯ ХАРАКТЕРИСТИКА |
| Специфическое обозначение материала и объем |
VI, 181, [51] с. |
| Другие сведения о физической характеристике |
ил., портр., факс. |
| Размеры |
30 |
| 300 ## - ОБЩИЕ ПРИМЕЧАНИЯ |
| Текст примечания |
Загл. обл.: Альбомъ Пушкинской выставки 1880 года |
| 300 ## - ОБЩИЕ ПРИМЕЧАНИЯ |
| Текст примечания |
На тит. л. вых. дан. ориг. изд.: Москва: Общество любителей Россiской словесности, 1882 |
| 300 ## - ОБЩИЕ ПРИМЕЧАНИЯ |
| Текст примечания |
Часть текста на латыни |
| 327 1# - ПРИМЕЧАНИЯ О СОДЕРЖАНИИ |
| Текст примечания |
На тит. л. содерж.: 1: Биографический очерк А.С. Пушкина / сост. А.А. Венкштерн. 2: 62 фотогравюры и фотолитографии художника М.М. Панова и три политипажа. 3: Приложения |
| 455 #0 - ОРИГИНАЛ, С КОТОРОГО СДЕЛАНА КОПИЯ |
| Встроенное поле |
2001#$aАльбом московской Пушкинской выставки 1880 года |
| -- |
210##$aМосква$d1882 |
| Заглавие |
Альбом московской Пушкинской выставки 1880 года |
| 464 #0 - АНАЛИТИЧЕСКИЙ УРОВЕНЬ |
| Встроенное поле |
2001#$aБиографический очерк А.С. Пушкина |
| -- |
700#1$aВенкстерн$bА. А.$gАлексей Алексеевич$c1856-1909$3RU\NLR\AUTH\770138617 |
| Заглавие |
Биографический очерк А.С. Пушкина |
| Автор |
Венкстерн, Алексей Алексеевич (1856-1909) |
| 512 1# - ЗАГЛАВИЕ ОБЛОЖКИ |
| Заглавие обложки |
Альбомъ Пушкинской выставки 1880 года |
| 518 1# - ЗАГЛАВИЕ В СТАНДАРТНОМ СОВРЕМЕННОМ ПРАВОПИСАНИИ |
| Основное заглавие, вариант заглавия или унифицированное заглавие |
Альбом московской Пушкинской выставки 1880 года |
| 518 1# - ЗАГЛАВИЕ В СТАНДАРТНОМ СОВРЕМЕННОМ ПРАВОПИСАНИИ |
| Основное заглавие, вариант заглавия или унифицированное заглавие |
Альбом Пушкинской выставки 1880 года |
| 600 #1 - ИМЯ ЛИЦА КАК ПРЕДМЕТ |
| Начальный элемент ввода |
Пушкин |
| Часть имени, кроме начального элемента ввода |
А.С. |
| Даты |
1799 - 1837 |
| Расширение инициалов личного имени |
Александр Сергеевич |
| Тематический подзаголовок |
Выставки |
| Системный номер авторитетной/нормативной записи |
2016280 |
| Идентификатор авторитетной/нормативной записи |
RU\NLR\AUTH\66927480 |
| 686 2# - ИНДЕКСЫ ДРУГИХ КЛАССИФИКАЦИЙ |
| Индекс |
Ш5(2=Р)51-4Пушкин.л6 |
| 702 #1 - ИМЯ ЛИЦА - ВТОРИЧНАЯ ОТВЕТСТВЕННОСТЬ |
| Код отношения |
Карикатурист, Художник |
| Материалы, к которым относится поле |
rus |
| Графика поля |
Кириллица |
| Начальный элемент ввода |
Панов |
| Часть имени, кроме начального элемента ввода |
М. М. |
| Дополнения к именам, кроме дат |
художник, фотограф |
| Даты |
1836-1894 |
| Расширение инициалов личного имени |
Михаил Михайлович |
| Идентификатор авторитетной/нормативной записи |
RU\NLR\AUTH\7790945 |
| Системный номер авторитетной/нормативной записи |
73872 |
| 710 02 - НАИМЕНОВАНИЕ ОРГАНИЗАЦИИ - ПЕРВИЧНАЯ ОТВЕТСТВЕННОСТЬ |
| Начальный элемент ввода |
Общество любителей российской словесности |
| Идентифицирующий признак |
Москва |
| Структурное подразделение |
Пушкинская выставка |
| Дата проведения временной организации |
1880 |
| Идентификатор авторитетной/нормативной записи |
RU\NLR\AUTH\889966532 |
| Системный номер авторитетной/нормативной записи |
429418 |
| 942 ## - ДОПОЛНИТЕЛЬНЫЕ ЭЛЕМЕНТЫ ЗАПИСИ (АБИС) |
| Тип экземпляра АБИС |
Книга |
| 980 ## - КОЛЛЕКЦИЯ |
| Название коллекции |
Национальная библиография |